000
00303nam a22001337a 4500
005
20171207113221.0
008
171207b xxu||||| |||| 00| 0 eng d
041
_a
eng
082
_a
622.81
245
_a
MINE GASES AND EXPLOSONS
260
_a
GT. BRITAIN
_b
T.D. SOUTHERN
300
_a
553p,
942
_c
BK
999
_c
5672
_d
5670